Normal view
MARC view
Entry Personal Name
001 - CONTROL NUMBER
- control field: 25535
003 - CONTROL NUMBER IDENTIFIER
- control field: OSt
005 - DATE AND TIME OF LATEST TRANSACTION
- control field: 20211105134944.0
008 - FIXED-LENGTH DATA ELEMENTS
- fixed length control field: 211105|| aca||aabn | a|a d
040 ## - CATALOGING SOURCE
- Original cataloging agency: OSt
- Transcribing agency: OSt
100 ## - HEADING--PERSONAL NAME
- Personal name: Cox, P., ed
670 ## - SOURCE DATA FOUND
- Source citation: Work cat.: (OSt): Conference on the Universe as Seen by ISO Paris, France 1998 Oct. 20-23 25534, The Universe as seen by ISO, 1999